Statistics for The Highest Cities in the World

Click here to take the quiz!

General Stats

  • This quiz has been taken 19 times
  • The average score is 6 of 10

Answer Stats

HintElevation (Meters)Answer% Correct
The administrative capital of Bolivia.3,869La Paz
100%
Previously known by Tenochtitlán.2,316Mexico City
89%
The capital of a country that borders Brazil.2,601Bogotá
84%
The capital of an African country that had its coast on the Red Sea taken away in 1992.2,361Addis Ababa
74%
This capital city is located just south of the equator.2,784Quito
74%
The capital of an Asian country that touches the Red Sea.2,250Sana'a
63%
A Mexican city known for its culinary history, colonial architecture and pottery.2,176Puebla
37%
The fifth most populous city in Mexico.2,648Toluca
37%
The capital of the Qingchai province in China.2,299Xining
16%
The Cristo de la concordia statue stands in this city.2,621Cochabamba
11%

Score Distribution

Percentile by Number Answered

Percent of People with Each Score

Your Score History

You have not taken this quiz